LEADER 01528nam--2200457---450- 001 990001892900203316 005 20150514115809.0 035 $a000189290 035 $aUSA01000189290 035 $a(ALEPH)000189290USA01 035 $a000189290 100 $a20040802d1969----km-y0itay0103----ba 101 0 $aita 102 $aIT 105 $aa---||||001yy 200 1 $aKenzo Tange$e[l'architetto di Hiroshima e delle Olimpiadi di Tokyo che ha risolto nella sua opera i constrasti del Giappone tradizionale e moderno]$fPaolo Riani 210 $aFirenze$cSadea Sansoni$dcopyr. 1969 215 $a95 p.$cill.$d31 cm 225 2 $a<> maestri del Novecento$v8 410 0$12001$a<> maestri del Novecento 606 1$aTange,$bKenzo$xOpere 700 1$aRIANI,$bPaolo$032433 801 0$aIT$bsalbc$gISBD 912 $a990001892900203316 951 $aXII.2. Coll.2/ 8 (VII Coll. A 2/8)$b35786 L.M.$cVII Coll. 951 $aV A 1 MN 008$b745 DBC$cV A 951 $a720.92 RIA$b467 Crd.$c720$d00330804 959 $aBK 969 $aUMA 969 $aDBC 969 $aCRD 979 $aSIAV3$b10$c20040802$lUSA01$h0954 979 $aCOPAT5$b90$c20051213$lUSA01$h1432 979 $aDBC$b90$c20080415$lUSA01$h1450 979 $aPAOLA$b90$c20150514$lUSA01$h1153 979 $aPAOLA$b90$c20150514$lUSA01$h1153 979 $aPAOLA$b90$c20150514$lUSA01$h1155 979 $aPAOLA$b90$c20150514$lUSA01$h1155 979 $aPAOLA$b90$c20150514$lUSA01$h1158 996 $aKenzo Tange$9267236 997 $aUNISA LEADER 01765oam 2200493M 450 001 9910716118103321 005 20200213070937.1 035 $a(CKB)5470000002518937 035 $a(OCoLC)1065617209 035 $a(OCoLC)995470000002518937 035 $a(EXLCZ)995470000002518937 100 $a20071213d1926 ua 0 101 0 $aeng 135 $aurcn||||||||| 181 $ctxt$2rdacontent 182 $cc$2rdamedia 183 $acr$2rdacarrier 200 10$aCharles David Guthridge. May 6, 1926. -- Committed to the Committee of the Whole House and ordered to be printed 210 1$a[Washington, D.C.] :$c[U.S. Government Printing Office],$d1926. 215 $a1 online resource (2 pages) 225 1 $aHouse report / 69th Congress, 1st session. House ;$vno. 1094 225 1 $a[United States congressional serial set ] ;$v[serial no. 8537] 300 $aBatch processed record: Metadata reviewed, not verified. Some fields updated by batch processes. 300 $aFDLP item number not assigned. 606 $aAbsence and presumption of death 606 $aClaims 606 $aDesertion, Military 606 $aDesertion, Naval 608 $aLegislative materials.$2lcgft 615 0$aAbsence and presumption of death. 615 0$aClaims. 615 0$aDesertion, Military. 615 0$aDesertion, Naval. 701 $aStephens$b Ambrose Everett Burnside$f1862-1927$pRepublican (OH)$01389558 801 0$bWYU 801 1$bWYU 801 2$bOCLCO 801 2$bOCLCQ 801 2$bOCLCO 801 2$bOCLCQ 906 $aBOOK 912 $a9910716118103321 996 $aCharles David Guthridge. May 6, 1926. -- Committed to the Committee of the Whole House and ordered to be printed$93540924 997 $aUNINA LEADER 04478nam 2200985Ia 450 001 9910783159903321 005 20210603213457.0 010 $a1-59734-925-9 010 $a1-282-35740-9 010 $a0-520-93082-7 010 $a9786612357404 024 7 $a10.1525/9780520930827 035 $a(CKB)1000000000007703 035 $a(EBL)222951 035 $a(OCoLC)475926795 035 $a(SSID)ssj0000253651 035 $a(PQKBManifestationID)11216060 035 $a(PQKBTitleCode)TC0000253651 035 $a(PQKBWorkID)10206739 035 $a(PQKB)10605300 035 $a(MiAaPQ)EBC222951 035 $a(DE-B1597)518782 035 $a(OCoLC)52856618 035 $a(DE-B1597)9780520930827 035 $a(Au-PeEL)EBL222951 035 $a(CaPaEBR)ebr10048994 035 $a(CaONFJC)MIL235740 035 $a(dli)HEB08159 035 $a(MiU)MIU01000000000000009851168 035 $a(EXLCZ)991000000000007703 100 $a20040405d2003 my 0 101 0 $aeng 135 $aurun#---|u||u 181 $ctxt 182 $cc 183 $acr 200 10$aSundance to Sarajevo$b[electronic resource] $efilm festivals and the world they made /$fKenneth Turan 210 $aBerkeley $cUniversity of California Press$d2003 215 $a1 online resource (216 p.) 300 $aDescription based upon print version of record. 311 0 $a0-520-21867-1 311 0 $a0-520-24072-3 327 $tFront matter --$tCONTENTS --$tAcknowledgments --$tIntroduction --$tPart One: Festivals with Business Agendas --$tPart Two: Festivals with Geopolitical Agendas --$tPart Three: Festivals with Aesthetic Agendas --$tPart Four: The Politics of Festivals 330 $aAlmost every day of the year a film festival takes place somewhere in the world--from sub-Saharan Africa to the Land of the Midnight Sun. Sundance to Sarajevo is a tour of the world's film festivals by an insider whose familiarity with the personalities, places, and culture surrounding the cinema makes him uniquely suited to his role. Kenneth Turan, film critic for the Los Angeles Times, writes about the most unusual as well as the most important film festivals, and the cities in which they occur, with an eye toward the larger picture. His lively narrative emphasizes the cultural, political, and sociological aspects of each event as well as the human stories that influence the various and telling ways the film world and the real world intersect. Of the festivals profiled in detail, Cannes and Sundance are obvious choices as the biggest, brashest, and most influential of the bunch. The others were selected for their ability to open a window onto a wider, more diverse world and cinema's place in it. Sometimes, as with Sarajevo and Havana, film is a vehicle for understanding the international political community's most vexing dilemmas. Sometimes, as with Burkina Faso's FESPACO and Pordenone's Giornate del Cinema Muto, it's a chance to examine the very nature of the cinematic experience. But always the stories in this book show us that film means more and touches deeper chords than anyone might have expected. No other book explores so many different festivals in such detail or provides a context beyond the merely cinematic. 606 $aFilm festivals 606 $aPerforming arts festivals 610 $aacademic. 610 $aactors. 610 $aaward winning films. 610 $acannes. 610 $acinema studies. 610 $acinematic. 610 $acultural studies. 610 $aculture. 610 $adirectors. 610 $afilm critic. 610 $afilm criticism. 610 $afilm festival. 610 $afilm history. 610 $afilm studies. 610 $ahistory of film. 610 $ainfluential. 610 $ainternational. 610 $aland of the midnight sun. 610 $apolitical. 610 $asahara desert. 610 $asarajevo. 610 $ascholarly. 610 $asocial studies. 610 $asociology. 610 $asub saharan africa. 610 $asundance. 615 0$aFilm festivals. 615 0$aPerforming arts festivals. 676 $a791.43/079 676 $a791.43 686 $aAP 42200$qBVB$2rvk 700 $aTuran$b Kenneth$01020855 801 0$bMiAaPQ 801 1$bMiAaPQ 801 2$bMiAaPQ 906 $aBOOK 912 $a9910783159903321 996 $aSundance to Sarajevo$92416376 997 $aUNINA